Answers acadamy (Record no. 4215)
[ view plain ]
| 000 -LEADER | |
|---|---|
| fixed length control field | 00212nam a22000857a 4500 |
| 008 - FIXED-LENGTH DATA ELEMENTS--GENERAL INFORMATION | |
| fixed length control field | 161128b xxu||||| |||| 00| 0 eng d |
| 100 ## - MAIN ENTRY--PERSONAL NAME | |
| 9 (RLIN) | 1490 |
| Personal name | Ken ham |
| 245 ## - TITLE STATEMENT | |
| Title | Answers acadamy |
| 260 ## - PUBLICATION, DISTRIBUTION, ETC. (IMPRINT) | |
| Place of publication, distribution, etc. | America |
| Name of publisher, distributor, etc. | Master Books |
| Date of publication, distribution, etc. | 2005 |
| Withdrawn status | Lost status | Source of classification or shelving scheme | Damaged status | Koha normalized classification for sorting | Not for loan | Home library | Current library | Shelving location | Date acquired | Total Checkouts | Full call number | Barcode | Date last seen | Price effective from | Koha item type |
|---|---|---|---|---|---|---|---|---|---|---|---|---|---|---|---|
| Dewey Decimal Classification | 215_000000000000000 | Good Samaritan School Library | Good Samaritan School Library | EDUCATION | 11/28/2016 | 215 | KEN4835 | 11/28/2016 | 11/28/2016 | BOOK | |||||
| Dewey Decimal Classification | 215_000000000000000 | Good Samaritan School Library | Good Samaritan School Library | EDUCATION | 11/28/2016 | 215 | KEN4836 | 11/28/2016 | 11/28/2016 | BOOK | |||||
| Dewey Decimal Classification | 215_000000000000000 | Good Samaritan School Library | Good Samaritan School Library | EDUCATION | 11/28/2016 | 215 | KEN4837 | 11/28/2016 | 11/28/2016 | BOOK | |||||
| Dewey Decimal Classification | 215_000000000000000 | Good Samaritan School Library | Good Samaritan School Library | EDUCATION | 11/28/2016 | 215 | KEN4838 | 11/28/2016 | 11/28/2016 | BOOK | |||||
| Dewey Decimal Classification | 215_000000000000000 | Good Samaritan School Library | Good Samaritan School Library | EDUCATION | 11/28/2016 | 215 | KEN4839 | 11/28/2016 | 11/28/2016 | BOOK |